أحلام باتي / (رقم التسجيلة. 140708)

تفاصيل مارك
000 -LEADER
fixed length control field 00531nam a22001817a 4500
005 - DATE AND TIME OF LATEST TRANSACTION
control field 20251108175721.0
008 - FIXED-LENGTH DATA ELEMENTS--GENERAL INFORMATION
fixed length control field 250721s2019 xx 000 0 ara d
082 14 - DEWEY DECIMAL CLASSIFICATION NUMBER
Classification number ط/ق/سعد
100 1# - MAIN ENTRY--PERSONAL NAME
Personal name السعدي، دانيازاد
245 10 - TITLE STATEMENT
Title أحلام باتي /
264 ## - PRODUCTION, PUBLICATION, DISTRIBUTION, MANUFACTURE, AND COPYRIGHT NOTICE
Name of producer, publisher, distributor, manufacturer HOME APPLIED TRINING،
Date of production, publication, distribution, manufacture, or copyright notice 2019.
300 ## - PHYSICAL DESCRIPTION
Extent 16 ص.
490 0# - SERIES STATEMENT
Series statement سلسة العبر الأخلاقية
650 17 - SUBJECT ADDED ENTRY--TOPICAL TERM
Topical term or geographic name as entry element القصص القصيره
653 ## - INDEX TERM--UNCONTROLLED
Uncontrolled term اطفال مرحلة متوسطه (6-9)سنه
942 ## - ADDED ENTRY ELEMENTS (KOHA)
Source of classification or shelving scheme Dewey Decimal Classification
Koha item type كتب
المقتنيات
حالة السحب حالة الفقدان مصدر التصنيف حالة التلف غير قابل للإعارة المكتبة الرئيسية المكتبة الحالية موقع الرف تاريخ التزويد الرقم المتسلسل Total Checkouts رقم الإستدعاء الباركود تاريخ آخر ظهور تاريخ الفاتورة نوع المادة (كوها)
    Dewey Decimal Classification     المكتبة المركزية المكتبة المركزية الأطفال 14/12/2019 1727613   ط/ق/سعد PLD00481173 28/07/2025 14/12/2019 كتب
    Dewey Decimal Classification     مكتبة قتيبة للأطفال مكتبة قتيبة للأطفال الأطفال 14/12/2019 1727637   ط/ق/سعد PLD00481175 28/07/2025 14/12/2019 كتب
    Dewey Decimal Classification     مكتبة الأميرة ايمان العامة مكتبة الأميرة ايمان العامة الأطفال 14/12/2019 1727645   ط/ق/سعد PLD00481176 28/07/2025 14/12/2019 كتب
    Dewey Decimal Classification     مكتبة مرج الحمام مكتبة مرج الحمام الأطفال 14/12/2019 1727629   ط/ق/سعد PLD00481174 28/07/2025 14/12/2019 كتب
Implemented & Customized by: BBB with SCIT (Smart Chains for Information Technology)

Powered by Koha